000 00801nam a22002537a 4500
003 dpl
005 20180710171132.0
008 180602b xxu||||| |||| 00| 0 eng d
010 _aA-940593, A-940597
020 _c200.00
_a819008410
035 _aA-940593 ,A-940594
037 _bCen Lib/Ret
040 _aDPL
_bEN
_c0
082 _a371.33
_bRED
100 _aReddy, Yella N.
_923084
245 _aAudio visual aids :
_cby N. Yella Reddy
_bin teachnig, training and extension /
260 _aHyderabad
_bHaritha publishing house
_c1998
270 _a3-5-134/B Narayangunda
_bHyderabad
_e500029
300 _a384p.
_c23cm(Hb)
500 _aIncludes glossary
650 _aEducation
_91169
650 _aAudio visual education
_9102388
942 _2ddc
_cEN
_h371.33
_mRED
999 _c128336
_d128336